| 000 | 00732nam a22002057a 4500 | ||
|---|---|---|---|
| 999 |
_c7642 _d7642 |
||
| 003 | AR-CdUCM | ||
| 008 | 190321b ||||| |||| 00| 0 spa d | ||
| 040 |
_aMUNICIPALIDAD PROVINCIAL DEL CUSCO _cBIBLIOTECA MUNICIPAL DEL CUSCO |
||
| 082 |
_a636.2 _bV83 |
||
| 100 |
_aVoisin, André _921577 |
||
| 245 | _aProductividad de la Hierba / | ||
| 260 |
_aMadrid : _bTecnos, _c1974. |
||
| 300 |
_aXXIX, 499 paginas ; _bCuadros, ilustraciones, graficos, _c21 cm. |
||
| 505 | _aContenido: La hierba -- la vaca -- leyes universales -- pastoreo nacional -- conduccion practica -- errores corrientes | ||
| 650 |
_aProductividad _98809 |
||
| 650 |
_aHierba _919578 |
||
| 650 |
_aLeyes Universales _921578 |
||
| 942 |
_2ddc _cLIBROS |
||
| 945 | _apjha | ||